000
00337nam a2200133Ia 4500
008
240624s9999 xx 000 0 und d
041
_a
eng
082
_a
658.5 KUM
100
_a
KUMAR ARUN
245
_a
OPERATIONS MANAGEMENT
260
_c
2014
_a
New Delhi
_b
Cengage Learning
300
_a
xxiii, : 851 : p. : cm. ; 26
365
_c
RS
_b
31
999
_c
25181
_d
25181